[Event "Manila op"]
[Site "Manila"]
[Date "2008.04.25"]
[Round "1"]
[White "Jose, Rulp Ylem"]
[Black "Mendoza, Beverly"]
[Result "1/2-1/2"]
[WhiteElo "2044"]
[BlackElo "2072"]
[PlyCount "142"]
[EventDate "2008.04.03"]
[EventType "swiss"]
[EventRounds "9"]
[EventCountry "PHI"]
[SourceTitle "EXT 2010"]
[Source "ChessBase"]
[SourceDate "2010.11.25"]
[SourceVersion "1"]
[SourceVersionDate "2010.11.25"]
[SourceQuality "1"]

1. e4 e5 2. Nc3 Bc5 3. Bc4 Nf6 4. Nf3 d6 5. d4 exd4 6. Nxd4 Ng4 7. 0-0 0-0 8. h3 Ne5 9. Be2 Qh4 10. Nf3 Nxf3+ 11. Bxf3 Nc6 12. Nd5 Be6 13. Be3 Bxd5 14. exd5 Ne5 15. Bxc5 dxc5 16. b3 Rfe8 17. Be2 Ng6 18. Bb5 Re5 19. Qf3 a6 20. Bd3 Nf4 21. Kh2 Nxd5 22. Rfe1 Rae8 23. Rxe5 Rxe5 24. Rd1 Qf6 25. Be4 c6 26. c4 Nc7 27. Qxf6 gxf6 28. Rd7 Rxe4 29. Rxc7 b5 30. Rxc6 bxc4 31. Rxc5 cxb3 32. axb3 Rb4 33. Rc6 a5 34. Rc5 Rxb3 35. Rxa5 Kg7 36. g4 Kg6 37. Kg2 Rd3 38. f3 Re3 39. Kg3 Re5 40. Ra6 Rb5 41. h4 Kg7 42. h5 Rc5 43. Ra4 f5 44. g5 h6 45. f4 Rc3+ 46. Kh4 Rc1 47. gxh6+ Kxh6 48. Ra6+ Kg7 49. Kg5 Rg1+ 50. Kxf5 Rh1 51. Kg4 Rg1+ 52. Kf5 Rh1 53. Kg4 Rg1+ 54. Kf3 Rh1 55. Ra5 Kh6 56. Rf5 Rxh5 57. Rxf7 Rb5 58. Rd7 Kg6 59. Kg4 Rb6 60. Rd8 Ra6 61. Rg8+ Kf6 62. Rh8 Ra4 63. Rh6+ Kg7 64. Rc6 Ra5 65. Rd6 Rb5 66. Ra6 Rc5 67. Re6 Kf7 68. f5 Rc1 69. Kf4 Rf1+ 70. Ke5 Re1+ 71. Kd6 Rd1+ 1/2-1/2